<?xml version="1.0" encoding="UTF-8"?>
<collection xmlns="http://www.loc.gov/MARC21/slim">
 <record>
  <leader>02360nam a2200289 a 4500</leader>
  <controlfield tag="001">1/44351</controlfield>
  <controlfield tag="008">140320s2010    lu d     b    001 0 eng  </controlfield>
  <datafield tag="020" ind1=" " ind2=" ">
   <subfield code="a">9789289708623(electronic bk.)</subfield>
  </datafield>
  <datafield tag="035" ind1=" " ind2=" ">
   <subfield code="l">47298</subfield>
  </datafield>
  <datafield tag="040" ind1=" " ind2=" ">
   <subfield code="a">OPELS</subfield>
   <subfield code="b">eng</subfield>
   <subfield code="c">OPELS</subfield>
   <subfield code="d">GR-PeUP</subfield>
  </datafield>
  <datafield tag="041" ind1="0" ind2=" ">
   <subfield code="a">eng</subfield>
  </datafield>
  <datafield tag="100" ind1="1" ind2=" ">
   <subfield code="a">Watson, Dorothy.</subfield>
  </datafield>
  <datafield tag="245" ind1="1" ind2="0">
   <subfield code="a">Second European Quality of Life Survey</subfield>
   <subfield code="h">[electronic resource] :</subfield>
   <subfield code="b">Subjective well-being in Europe /</subfield>
   <subfield code="c">Dorothy Watson, Florian Pichler and Claire Wallace.</subfield>
  </datafield>
  <datafield tag="260" ind1=" " ind2=" ">
   <subfield code="a">Λουξεμβούργο :</subfield>
   <subfield code="b">Υπηρεσία Επισήμων Εκδόσεων των Ευρωπαϊκών Κοινοτήτων,</subfield>
   <subfield code="c">2010.</subfield>
  </datafield>
  <datafield tag="300" ind1=" " ind2=" ">
   <subfield code="a">Ένα html e-book.</subfield>
  </datafield>
  <datafield tag="504" ind1=" " ind2=" ">
   <subfield code="a">Περιέχει βιβλιογραφία και ευρετήριο.</subfield>
  </datafield>
  <datafield tag="520" ind1="0" ind2=" ">
   <subfield code="a">The way we feel about ourselves and assess the quality of our lives is influenced by many factors. Some of them are objective: how much we earn and what we can afford to buy, for example. But quality of life is not only determined by the standard of living we have attained. Objective conditions are certainly linked to our subjective well-being, but not in a straightforward manner. This report looks at the diverse factors that influence levels of subjective well-being. It explores the impact of demographic and socioeconomic factors, of health, social support and the quality of the societies we live in. It asks to what extent these factors can explain the variations seen in levels of subjective well-being in different countries. The study also examines whether social support and good public services can cushion the impact of difficult social and economic conditions experienced by European citizens, thus contributing to an improved quality of life.</subfield>
  </datafield>
  <datafield tag="533" ind1=" " ind2=" ">
   <subfield code="a">Ηλεκτρονικό βιβλίο</subfield>
   <subfield code="n">Τρόπος πρόσβασης μέσω διαδικτύου.</subfield>
  </datafield>
  <datafield tag="650" ind1=" " ind2="4">
   <subfield code="a">Social surveys</subfield>
   <subfield code="z">European Union countries.</subfield>
  </datafield>
  <datafield tag="650" ind1=" " ind2="4">
   <subfield code="a">Quality of life</subfield>
   <subfield code="z">European Union countries.</subfield>
  </datafield>
  <datafield tag="651" ind1=" " ind2="0">
   <subfield code="a">European Union countries</subfield>
   <subfield code="x">Social conditions.</subfield>
  </datafield>
  <datafield tag="655" ind1=" " ind2="4">
   <subfield code="a">Electronic books.</subfield>
  </datafield>
  <datafield tag="700" ind1="1" ind2=" ">
   <subfield code="a">Pichler, Florian.</subfield>
  </datafield>
  <datafield tag="700" ind1="1" ind2=" ">
   <subfield code="a">Wallace, Claire.</subfield>
  </datafield>
  <datafield tag="710" ind1="2" ind2=" ">
   <subfield code="a">European Foundation for the improvement of living and working conditions.</subfield>
  </datafield>
  <datafield tag="852" ind1=" " ind2=" ">
   <subfield code="a">INST</subfield>
   <subfield code="b">UNIPILB</subfield>
   <subfield code="c">EBOOKS</subfield>
   <subfield code="e">20140320</subfield>
   <subfield code="p">00b47298</subfield>
   <subfield code="q">00b47298</subfield>
   <subfield code="t">ONLINE</subfield>
   <subfield code="y">0</subfield>
  </datafield>
  <datafield tag="856" ind1="4" ind2="0">
   <subfield code="u">http://www.eurofound.europa.eu/publications/htmlfiles/ef09108.htm</subfield>
  </datafield>
 </record>
</collection>
